[Event "Mittelfranken Mitte-ch 0304"]
[Site "Zirndorf"]
[Date "2004.01.06"]
[Round "7"]
[White "Klein, Markus1"]
[Black "Koerber, Georg"]
[Result "0-1"]
[WhiteElo "1536"]
[BlackElo "1576"]
[PlyCount "110"]
[EventDate "2004.01.02"]
[EventType "swiss"]
[EventRounds "7"]
[EventCountry "GER"]
[SourceTitle "EXT 2015"]
[Source "ChessBase"]
[SourceDate "2014.11.20"]
[SourceVersion "1"]
[SourceVersionDate "2014.11.20"]
[SourceQuality "1"]

1. d4 d5 2. Nf3 Nc6 3. c4 e6 4. Nc3 h6 5. e3 Bd7 6. cxd5 exd5 7. Nxd5 Be6 8. Nc3 Nf6 9. Bd3 a6 10. a3 Bd6 11. 0-0 Bg4 12. b4 b5 13. h3 Bh5 14. Bb2 0-0 15. Rc1 Rc8 16. Nxb5 Nxb4 17. Nxd6 Nxd3 18. Nxc8 Nxc1 19. Qxc1 Qxc8 20. Ne5 Qb7 21. Qc2 Ne4 22. g4 f6 23. gxh5 fxe5 24. dxe5 Ng5 25. f4 Nxh3+ 26. Kh2 Ng5 27. Qg2 Qxg2+ 28. Kxg2 Ne6 29. Rc1 Rf5 30. Rc6 Kf7 31. Rxa6 Rxh5 32. a4 Ke7 33. a5 Rf5 34. Ra8 Kd7 35. Ba3 g5 36. a6 gxf4 37. exf4 Nxf4+ 38. Kg3 Ne2+ 39. Kg4 Rxe5 40. Rh8 Ra5 41. Rxh6 Rxa3 42. Kf5 Ra5+ 43. Ke4 Nc3+ 44. Kd4 Na4 45. Kc4 Nb6+ 46. Kb4 Rxa6 47. Kb5 Ra1 48. Rh7+ Kd6 49. Rh6+ Ke5 50. Rc6 Na8 51. Rc5+ Kd6 52. Rc6+ Kd7 53. Rh6 Rb1+ 54. Kc5 Kc8 55. Kc6 Rb6+ 0-1

[Event "Mittelfranken Mitte-ch 0304"]
[Site "Zirndorf"]
[Date "2004.01.06"]
[Round "6"]
[White "Koerber, Georg"]
[Black "Runte, Dirk"]
[Result "0-1"]
[WhiteElo "1576"]
[BlackElo "1565"]
[PlyCount "80"]
[EventDate "2004.01.02"]
[EventType "swiss"]
[EventRounds "7"]
[EventCountry "GER"]
[SourceTitle "EXT 2015"]
[Source "ChessBase"]
[SourceDate "2014.11.20"]
[SourceVersion "1"]
[SourceVersionDate "2014.11.20"]
[SourceQuality "1"]

1. d4 Nf6 2. c4 g6 3. Nc3 Bg7 4. e4 d6 5. Be2 0-0 6. Nf3 e5 7. Bg5 h6 8. Be3 Ng4 9. 0-0 Nxe3 10. fxe3 Nc6 11. a3 Ne7 12. d5 f5 13. Nd2 c6 14. Na4 Rb8 15. Rb1 b5 16. cxb5 cxb5 17. Nc3 a6 18. Qe1 Qb6 19. Bd3 f4 20. Nd1 Bg4 21. Be2 fxe3 22. Rxf8+ Rxf8 23. Nf1 Qd4 24. Nc3 Bxe2 25. Qxe2 Rf2 26. Qd1 Rd2 27. Nxd2 e2+ 28. Kh1 exd1Q+ 29. Rxd1 Qb6 30. b4 h5 31. Ncb1 Bh6 32. Nf3 g5 33. Ng1 g4 34. Nc3 Be3 35. Nce2 Bxg1 36. Nxg1 Qe3 37. h3 Qxe4 38. h4 Nxd5 39. Rd2 g3 40. Nh3 Nf4 0-1

[Event "Mittelfranken Mitte-ch 0304"]
[Site "Zirndorf"]
[Date "2004.??.??"]
[Round "1"]
[White "Koerber, Georg"]
[Black "Luther, Helmut"]
[Result "0-1"]
[WhiteElo "1576"]
[BlackElo "1909"]
[PlyCount "104"]
[EventDate "2004.01.02"]
[EventType "swiss"]
[EventRounds "7"]
[EventCountry "GER"]
[SourceTitle "EXT 2015"]
[Source "ChessBase"]
[SourceDate "2014.11.20"]
[SourceVersion "1"]
[SourceVersionDate "2014.11.20"]
[SourceQuality "1"]

1. d4 d5 2. c4 e6 3. Nc3 Nf6 4. Nf3 Nbd7 5. cxd5 exd5 6. Qb3 c6 7. e4 Nxe4 8. Nxe4 dxe4 9. Ng5 Qe7 10. Bc4 Qb4+ 11. Bd2 Qxb3 12. Bxb3 h6 13. Nxf7 Rh7 14. Ne5 Nxe5 15. dxe5 Bf5 16. 0-0 0-0-0 17. Bc3 Bc5 18. Rfe1 g5 19. Bc2 Rf7 20. b4 Bb6 21. Red1 Re8 22. h3 g4 23. Bd4 Bxd4 24. Rxd4 gxh3 25. Bxe4 Rxe5 26. Bxf5+ Rexf5 27. Rf1 hxg2 28. Kxg2 a5 29. bxa5 Rxa5 30. a4 Raf5 31. f3 Rf4 32. Rxf4 Rxf4 33. Ra1 b6 34. Kg3 Rf6 35. f4 c5 36. Kg4 Kd7 37. Re1 Re6 38. Rd1+ Ke7 39. f5 Re4+ 40. Kh5 Kf6 41. Rd6+ Kxf5 42. Rxb6 Rxa4 43. Rb5 Rc4 44. Kxh6 Ke5 45. Kg5 Kd5 46. Rb6 Re4 47. Kf5 Re8 48. Kf4 Kd4 49. Rb1 Rf8+ 50. Kg3 c4 51. Rd1+ Ke3 52. Rc1 Rg8+ 0-1

[Event "Mittelfranken Mitte-ch 0304"]
[Site "Zirndorf"]
[Date "2004.??.??"]
[Round "3"]
[White "Koerber, Georg"]
[Black "Reuschl, Stefan"]
[Result "1-0"]
[WhiteElo "1576"]
[BlackElo "1660"]
[PlyCount "81"]
[EventDate "2004.01.02"]
[EventType "swiss"]
[EventRounds "7"]
[EventCountry "GER"]
[SourceTitle "EXT 2015"]
[Source "ChessBase"]
[SourceDate "2014.11.20"]
[SourceVersion "1"]
[SourceVersionDate "2014.11.20"]
[SourceQuality "1"]

1. d4 Nf6 2. c4 e5 3. e3 exd4 4. exd4 Bb4+ 5. Bd2 Bxd2+ 6. Nxd2 0-0 7. Bd3 Re8+ 8. Ne2 d5 9. 0-0 dxc4 10. Bxc4 Be6 11. Bxe6 Rxe6 12. Nf4 Rd6 13. Ne2 c5 14. Nb3 Na6 15. Rc1 cxd4 16. Nbxd4 Qd7 17. Qd3 Re8 18. Qc4 Qg4 19. f3 Qh4 20. g3 Qh6 21. Nf5 Qd2 22. Nxd6 Qxd6 23. Rfd1 Qb6+ 24. Kf1 Qxb2 25. Rc2 Qa3 26. Kf2 Qe3+ 27. Kg2 Nb8 28. Rd3 Qb6 29. Rb3 Qc6 30. Qxc6 Nxc6 31. Rxb7 h6 32. Kf2 Ne5 33. Rxa7 Nd3+ 34. Kf1 Nd5 35. Rd2 Ne3+ 36. Kg1 Ne5 37. Kf2 Nc6 38. Rc7 Nb4 39. Rdd7 Kh7 40. Rxf7 Nbd5 41. a3 1-0

[Event "Mittelfranken-ch Seniors 50th"]
[Site "Buechenbach"]
[Date "2001.04.13"]
[Round "3"]
[White "Koerber, Georg"]
[Black "Matern, Helmut"]
[Result "0-1"]
[WhiteElo "1581"]
[BlackElo "1526"]
[PlyCount "101"]
[EventDate "2001.04.??"]
[EventType "swiss"]
[EventRounds "7"]
[EventCountry "GER"]
[SourceTitle "EXT 2006"]
[Source "ChessBase"]
[SourceDate "2005.11.24"]
[SourceVersion "1"]
[SourceVersionDate "2005.11.24"]
[SourceQuality "1"]

1. d4 d5 2. c4 c6 3. e3 Nf6 4. Nc3 e6 5. Nf3 h6 6. Bd3 Be7 7. 0-0 0-0 8. e4 Nh7 9. e5 Ng5 10. Bf4 Nxf3+ 11. Qxf3 Bg5 12. Bg3 f5 13. exf6 Bxf6 14. Bc2 Bxd4 15. Qd3 Qf6 16. Qh7+ Kf7 17. Ne2 Be5 18. Bxe5 Qxe5 19. Bg6+ Ke7 20. c5 Bd7 21. Rae1 Qf6 22. Ng3 Na6 23. Nf5+ Kd8 24. Nxg7 Nxc5 25. Nh5 Qh8 26. Qxh8 Rxh8 27. b4 Na6 28. a3 Rf8 29. Bd3 Nc7 30. f4 b5 31. f5 exf5 32. Re5 a5 33. Bxf5 axb4 34. axb4 Ra4 35. Ng3 Rxb4 36. Rfe1 Re8 37. Rxe8+ Nxe8 38. Bg6 Nf6 39. h3 Rb3 40. Rf1 Ke7 41. Ne2 Rb4 42. Nc1 Be8 43. Nd3 Rb3 44. Nc5 Rc3 45. Re1+ Kd8 46. Nb7+ Kd7 47. Bf5+ Kc7 48. Re7+ Bd7 49. Bxd7 Nxd7 50. Kf2 b4 51. g4 0-1

[Event "Mittelfranken Mitte-ch 9900"]
[Site "Zirndorf"]
[Date "2000.??.??"]
[Round "6"]
[White "Goettler, Harald"]
[Black "Koerber, Georg"]
[Result "1-0"]
[WhiteElo "1374"]
[BlackElo "1596"]
[PlyCount "105"]
[EventDate "2000.01.22"]
[EventType "swiss"]
[EventRounds "7"]
[EventCountry "GER"]
[SourceTitle "EXT 2015"]
[Source "ChessBase"]
[SourceDate "2014.11.20"]
[SourceVersion "1"]
[SourceVersionDate "2014.11.20"]
[SourceQuality "1"]

1. e4 e5 2. Nf3 Nc6 3. d4 exd4 4. Nxd4 Bc5 5. Nxc6 Qf6 6. Qf3 Qxc6 7. Bd3 Qf6 8. Nd2 d6 9. 0-0 Ne7 10. Qxf6 gxf6 11. Nb3 Bb6 12. Re1 Bd7 13. Be3 Bxe3 14. Rxe3 0-0-0 15. a4 h5 16. Nd4 a6 17. Rf3 Rh6 18. c4 c5 19. Nc2 h4 20. h3 Rg8 21. Ne3 Be6 22. Kh2 Kc7 23. b3 Rg5 24. Rg1 Kb6 25. Nf5 Nxf5 26. exf5 Bd7 27. Be4 Rh7 28. g3 Bc6 29. Bxc6 Kxc6 30. g4 Rg8 31. Re1 Rd8 32. Rd3 Rhh8 33. Kg2 Rhe8 34. Rxe8 Rxe8 35. f4 Re2+ 36. Kf3 Re1 37. g5 fxg5 38. fxg5 Rg1 39. Kf4 a5 40. f6 Kd7 41. Re3 Rb1 42. Kg4 Kc6 43. Kxh4 d5 44. cxd5+ Kxd5 45. Rd3+ Ke6 46. Kh5 Rf1 47. h4 Re1 48. Kh6 Re5 49. h5 b6 50. Rf3 Re1 51. g6 fxg6 52. hxg6 Rd1 53. f7 1-0

[Event "Mittelfranken Mitte-ch 9900"]
[Site "Zirndorf"]
[Date "2000.??.??"]
[Round "7"]
[White "Koerber, Georg"]
[Black "Ringler, Claus"]
[Result "1-0"]
[WhiteElo "1596"]
[BlackElo "1419"]
[PlyCount "76"]
[EventDate "2000.01.22"]
[EventType "swiss"]
[EventRounds "7"]
[EventCountry "GER"]
[SourceTitle "EXT 2015"]
[Source "ChessBase"]
[SourceDate "2014.11.20"]
[SourceVersion "1"]
[SourceVersionDate "2014.11.20"]
[SourceQuality "1"]

1. d4 Nf6 2. c4 d6 3. Nc3 c6 4. e4 Qc7 5. Be2 e5 6. Nf3 Be7 7. h3 0-0 8. Bg5 h6 9. Bh4 a6 10. Qc2 Re8 11. 0-0 Nbd7 12. Rad1 Nf8 13. Bg3 Ng6 14. dxe5 dxe5 15. Rd2 Nh5 16. Bh2 Nhf4 17. Bd1 Be6 18. Ne2 Bb4 19. Nxf4 Nxf4 20. Bxf4 exf4 21. Re2 Rad8 22. a3 Be7 23. e5 b5 24. cxb5 axb5 25. Rd2 Rxd2 26. Qxd2 g5 27. Re1 Rd8 28. Qc3 c5 29. Bc2 g4 30. hxg4 Bxg4 31. Bb1 Bh5 32. e6 Bf8 33. exf7+ Qxf7 34. Qc2 Kg7 35. Ne5 Bg6 36. Nxg6 Rd6 37. Nxf8 Kxf8 38. Qxc5 Qf6 1-0

[Event "Mittelfranken Mitte-ch 9899"]
[Site "Zirndorf"]
[Date "1999.??.??"]
[Round "7"]
[White "Hintyes, Helmuth"]
[Black "Koerber, Georg"]
[Result "1-0"]
[WhiteElo "1705"]
[BlackElo "1657"]
[PlyCount "87"]
[EventDate "1999.01.23"]
[EventType "swiss"]
[EventRounds "7"]
[EventCountry "GER"]
[SourceTitle "EXT 2015"]
[Source "ChessBase"]
[SourceDate "2014.11.20"]
[SourceVersion "1"]
[SourceVersionDate "2014.11.20"]
[SourceQuality "1"]

1. e4 e6 2. d4 d5 3. e5 c5 4. c3 Nc6 5. f4 Qb6 6. Nf3 cxd4 7. cxd4 Nh6 8. Nc3 Bb4 9. a3 Bxc3+ 10. bxc3 Nf5 11. Bd3 Bd7 12. Bxf5 exf5 13. 0-0 h6 14. a4 Na5 15. Ba3 Nc4 16. Bc5 Qc7 17. Re1 Be6 18. a5 Nxa5 19. Bd6 Qd8 20. Qa4+ Nc6 21. Qb5 Qd7 22. Reb1 Nd8 23. Qa5 Nc6 24. Qb5 Nd8 25. Qd3 Qc6 26. Nd2 a6 27. Bc5 Bd7 28. Rb6 Qc8 29. c4 Bc6 30. cxd5 Bxd5 31. Nc4 g6 32. Nd6+ Kd7 33. Nxc8 Kxc8 34. Rc1 Nc6 35. Qh3 h5 36. Qh4 Re8 37. Qf6 Rd8 38. Rcb1 Ra7 39. Bd6 Re8 40. Bc5 Nd8 41. Rd6 Be4 42. Re1 Ra8 43. Bb6 Nc6 44. Rd8+ 1-0

[Event "Mittelfranken Mitte-ch 9899"]
[Site "Zirndorf"]
[Date "1999.??.??"]
[Round "6"]
[White "Koerber, Georg"]
[Black "Wensky, Michael"]
[Result "1-0"]
[WhiteElo "1657"]
[BlackElo "1564"]
[PlyCount "175"]
[EventDate "1999.01.23"]
[EventType "swiss"]
[EventRounds "7"]
[EventCountry "GER"]
[SourceTitle "EXT 2015"]
[Source "ChessBase"]
[SourceDate "2014.11.20"]
[SourceVersion "1"]
[SourceVersionDate "2014.11.20"]
[SourceQuality "1"]

1. d4 Nf6 2. c4 e6 3. Nf3 d5 4. e3 Be7 5. Nc3 0-0 6. Bd3 b6 7. cxd5 exd5 8. Qc2 Bb7 9. 0-0 Nbd7 10. Ne5 Bd6 11. f4 c5 12. Rf3 cxd4 13. exd4 Rc8 14. Qf2 Ne4 15. Qe3 Nxc3 16. bxc3 Nf6 17. Bf5 Rc7 18. Rh3 g6 19. Qg3 Qe8 20. Bd2 Ne4 21. Bxe4 dxe4 22. Qh4 f6 23. Ng4 Qe6 24. Re1 f5 25. Ne5 Rg7 26. c4 Bxe5 27. fxe5 Qxc4 28. Bh6 Qxd4+ 29. Qf2 Qxe5 30. Bxg7 Qxg7 31. Qe3 Rd8 32. Qc3 Qe7 33. Rc1 Qd7 34. Re3 f4 35. Ree1 e3 36. Qc4+ Bd5 37. Qxf4 Bxa2 38. Qxe3 Bd5 39. Qf4 Re8 40. Rxe8+ Qxe8 41. Qf2 Qa8 42. h3 b5 43. Rd1 a5 44. Qd2 Bc4 45. Qd8+ Qxd8 46. Rxd8+ Kg7 47. Kf2 a4 48. Ke3 a3 49. Kd4 Bf1 50. Kc5 Bc4 51. Ra8 a2 52. Kb4 Kf6 53. Kc3 Kg5 54. g3 h5 55. Kb2 b4 56. Rf8 b3 57. Rf4 Bd3 58. Rf8 h4 59. g4 Be4 60. Rf2 Bd5 61. Ka1 Kh6 62. Kb2 Kg7 63. g5 Be6 64. Rf3 Bd5 65. Rf4 Be6 66. Rxh4 Kg8 67. Rb4 Bxh3 68. Rxb3 Be6 69. Rf3 Bf7 70. Rg3 Kg7 71. Ra3 Kf8 72. Kc3 Kg7 73. Ra7 Kf8 74. Kd4 Bb3 75. Ke5 Bc4 76. Kf6 Ke8 77. Kxg6 Bd3+ 78. Kf6 Bb1 79. g6 Kd8 80. g7 Bh7 81. Rxa2 Kd7 82. Re2 Bg8 83. Re7+ Kd6 84. Re8 Bc4 85. g8Q Bxg8 86. Rxg8 Kd5 87. Re8 Kd4 88. Kf5 1-0